Emmanuel Mounier
Uloženo v:
| Hlavní autor: | |
|---|---|
| Médium: | Kniha |
| Jazyk: | španělština |
| Vydáno: |
Barcelona
Fontanella
1968
|
| Témata: | |
| Tagy: |
Přidat tag
Žádné tagy, Buďte první, kdo vytvoří štítek k tomuto záznamu!
|
MARC
| LEADER | 00000nam a2200000 a 4500 | ||
|---|---|---|---|
| 001 | UCZ6296 | ||
| 003 | CL-VaPUC | ||
| 005 | 20220509103943.0 | ||
| 008 | 951207e19680000SP |||||||||||||||||spa|d | ||
| 999 | |c 242515 |d 242513 | ||
| 040 | |c Pontificia Universidad Católica de Valparaíso | ||
| 082 | 0 | 4 | |a 194 |b GUI |2 21 |
| 100 | |a Guissard, Lucien |e author |9 576409 | ||
| 245 | 1 | 0 | |a Emmanuel Mounier |
| 260 | |a Barcelona |b Fontanella |c 1968 | ||
| 300 | |a 202 p | ||
| 583 | |a last modification |c 19951207 00:00:00 |k Rodrigo Vera | ||
| 600 | |a Mounier, Emmanuel, |d 1905-1950 |9 868965 | ||
| 942 | |c BK |2 ddc | ||
| 945 | |d 19951207 00:00:00 |a aalvarez | ||
| 952 | |0 0 |1 0 |4 0 |6 194_000000000000000_GUI_1968 |7 0 |8 A |9 255531 |a BIBTEO |b BIBTEO |d 2019-11-19 |i 202229K |o 194 GUI 1968 |p 202229K |r 2025-01-17 |w 2019-11-19 |y BK |k ICR | ||
| 952 | |0 0 |1 2 |4 0 |6 194_000000000000000_GUI_1968 |7 0 |8 A |9 255532 |a BIBTEO |b BIBTEO |d 2019-11-19 |i 2022303 |o 194 GUI 1968 |p 2022303 |r 2019-11-19 |w 2019-11-19 |x Descarte 2019 |y BK |k ICR | ||
| 952 | |0 0 |1 0 |4 0 |6 194_000000000000000_GUI_1968 |7 0 |8 A |9 255533 |a BIBTEO |b BIBTEO |d 2019-11-19 |i 2022311 |o 194 GUI 1968 |p 2022311 |r 2025-01-17 |w 2019-11-19 |y BK |k ICR | ||
| 952 | |0 0 |1 0 |4 0 |6 194_000000000000000_GUI_1968 |7 0 |8 A |9 255534 |a BIBTEO |b BIBTEO |d 2019-11-19 |i 2022346 |o 194 GUI 1968 |p 2022346 |r 2025-01-17 |w 2019-11-19 |y BK |k ICR | ||
| 952 | |0 0 |1 0 |4 0 |6 194_000000000000000_GUI_1968 |7 0 |8 A |9 255535 |a BIBTEO |b BIBTEO |d 2019-11-19 |i 202232K |o 194 GUI 1968 |p 202232K |r 2025-01-17 |w 2019-11-19 |y BK |k ICR | ||
| 952 | |0 0 |1 0 |4 0 |6 194_000000000000000_GUI_1968 |7 0 |8 A |9 255536 |a BIBTEO |b BIBTEO |d 2019-11-19 |i 2022338 |o 194 GUI 1968 |p 2022338 |r 2025-01-17 |w 2019-11-19 |y BK |k ICR | ||
| 952 | |0 0 |1 0 |4 0 |6 194_000000000000000_GUI_1968 |7 0 |8 A |9 255537 |a BIBTEO |b BIBTEO |d 2019-11-19 |i 2022354 |o 194 GUI 1968 |p 2022354 |r 2025-01-17 |w 2019-11-19 |y BK |k ICR | ||